The message of Ephesians: (Record no. 5860)

000 -LEADER
fixed length control field 00628nam a2200193 a 4500
001 - CONTROL NUMBER
control field :::00003602$&:&@@
003 - CONTROL NUMBER IDENTIFIER
control field OkBaRHE
005 - DATE AND TIME OF LATEST TRANSACTION
control field 20000607103308.0
008 - FIXED-LENGTH DATA ELEMENTS--GENERAL INFORMATION
fixed length control field s1986 j 000 0 eng u
040 ## - CATALOGING SOURCE
Transcribing agency
100 1# - MAIN ENTRY--PERSONAL NAME
Personal name Stott, John R. W.
245 14 - TITLE STATEMENT
Title The message of Ephesians:
Remainder of title God's new society.
260 ## - PUBLICATION, DISTRIBUTION, ETC. (IMPRINT)
Place of publication, distribution, etc Leicester, UK:EN., :
Name of publisher, distributor, etc Inter-Varsity Press
Date of publication, distribution, etc 1986
300 ## - PHYSICAL DESCRIPTION
Extent 291 p. ;
Dimensions 21 cm.
490 0# - SERIES STATEMENT
Series statement The Bible speaks today.
650 ## - SUBJECT ADDED ENTRY--TOPICAL TERM
Topical term or geographic name as entry element Bible New Testament Ephesians
General subdivision Commentaries
942 ## - ADDED ENTRY ELEMENTS (KOHA)
Source of classification or shelving scheme
Koha item type Books
Copies
Lost status Shelving location Withdrawn status Date last seen Damaged status Not for loan Permanent Location Source of classification or shelving scheme Date acquired Koha item type Date checked out Price effective from Copy number Full call number Barcode Total Checkouts Current Location
 General Stacks 2018-04-03  RHEMA Bible Training College 2010-04-14Books2011-11-082010-04-141BS 2695.3 .S8236021RHEMA Bible Training College